Vacuum Technology /

Salvato in:
Dettagli Bibliografici
Autore principale: Roth, Alexander (Autore)
Natura: Libro
Lingua:inglese
Pubblicazione: Amsterdam : Elsevier, 1990
Edizione:3.Ed.
Soggetti:
Tags: Aggiungi Tag
Nessun Tag, puoi essere il primo ad aggiungerne!!

MARC

LEADER 00000nam a22000003a 4500
001 stu44666
005 20150617225718.0
008 950531s1990----ne------------------eng-d
020 |a 0-444-86027-4 
040 |a STU  |b slo 
041 0 |a eng 
044 |a ne 
080 |a 533.5  |7 A000002165 
100 1 |a Roth, Alexander  |4 aut 
245 1 |a Vacuum Technology /  |c [aut.]Alexander Roth 
250 |a 3.Ed. 
260 |a Amsterdam :  |b Elsevier,  |c 1990 
300 |a 554 s 
650 7 |a Technológia vákuová  |2 stusub 
996 |b 284M025969  |c M*9227-1  |l MMKN  |s A  |a 24  |w stu44666_0001